| 000 | 01245nam a2200277 a 4500 | ||
|---|---|---|---|
| 001 | 39360 | ||
| 003 | BD-RjUL | ||
| 005 | 20211209052956.0 | ||
| 008 | 160409m19751970bg ||||e |||| 00| 0 ben d | ||
| 020 | _c: PRs. 15.00 (V-1) | ||
| 020 | _c: Tk. 60.00 (V-2) | ||
| 035 | _a(BD-RjUL)39473 | ||
| 040 |
_aBD-RjUL _bben _cBD-RjUL _dBD-RjUL |
||
| 041 | _aben | ||
| 082 |
_223 _a954.9204 _bUMP 1975 |
||
| 100 | 1 |
_aউমর, বদরুদ্দীন. _9121341 |
|
| 245 | 1 | 0 |
_aপূর্ব বাঙলার ভাষা আন্দোলন ও তৎকালীন রাজনীতি / _cবদরুদ্দীন উমর |
| 250 | _a১ম প্রকাশ | ||
| 260 |
_aঢাকা: _bমাওলা ব্রাদার্স, _c১৯৭০-১৯৭৫ |
||
| 300 |
_a খন্ড. ; _c২১ সেমি. |
||
| 504 | _aগ্রন্থপঞ্জিগত ফুট নোট সংযুক্ত | ||
| 505 | 0 | _a খণ্ড ১ -- খণ্ড ২ -- | |
| 650 |
_aভাষা আন্দোলন _xইতিহাস _zবাংলাদেশ _y১৯৪৭-১৯৫২ খ্রিষ্টাব্দ _9121351 |
||
| 650 |
_aLanguage Movement _xHistory _zBangladesh _y1947-1952 A. D. _9193029 |
||
| 942 |
_2ddc _cBK |
||
| 999 |
_c39360 _d39360 |
||